<?xml version="1.0" encoding="UTF-8"?>
<collection xmlns="http://www.loc.gov/MARC21/slim">
 <record>
  <leader>00728pamaa2200169   4500</leader>
  <controlfield tag="001">0000030562</controlfield>
  <controlfield tag="005">20060913090000.0</controlfield>
  <datafield tag="020" ind1="0" ind2="0">
   <subfield code="a">0071459855 (pbk.) </subfield>
  </datafield>
  <datafield tag="090" ind1="0" ind2="0">
   <subfield code="a">PE2817 </subfield>
   <subfield code="b">DOW 2006</subfield>
  </datafield>
  <datafield tag="100" ind1="1" ind2="0">
   <subfield code="a">DOWNING </subfield>
  </datafield>
  <datafield tag="245" ind1="0" ind2="4">
   <subfield code="a">The McGraw-Hill dictionary of misspelled and easily confused words  </subfield>
   <subfield code="c">David Downing and Deborah K. Williams..</subfield>
  </datafield>
  <datafield tag="260" ind1="0" ind2="0">
   <subfield code="a">New York: </subfield>
   <subfield code="b">McGraw-Hill, </subfield>
   <subfield code="c">2006.</subfield>
  </datafield>
  <datafield tag="300" ind1=" " ind2=" ">
   <subfield code="a">xii, 516; </subfield>
   <subfield code="c">22cm.</subfield>
  </datafield>
  <datafield tag="440" ind1="0" ind2="0">
   <subfield code="a">&quot;Originally published in two separate volumes as NTC's dictionary of American spelling and NTC's dictionary of easily confused words&quot;--T.p. verso</subfield>
  </datafield>
  <datafield tag="650" ind1="0" ind2="0">
   <subfield code="a">English language -- </subfield>
   <subfield code="x">Orthography and spelling -- Dictionaries -- </subfield>
   <subfield code="z">United States </subfield>
  </datafield>
  <datafield tag="700" ind1="1" ind2="1">
   <subfield code="a">Williams, </subfield>
   <subfield code="h">Deborah </subfield>
  </datafield>
  <datafield tag="901" ind1=" " ind2=" ">
   <subfield code="u">http://www.books.mcgraw-hill.com</subfield>
  </datafield>
 </record>
</collection>
